Technology of cellulose esters : historical development cellulose esters /

שמור ב:
מידע ביבליוגרפי
מחבר ראשי: Worden, Edward Chauncey (autor)
פורמט: ספר
שפה:אנגלית
יצא לאור: Easton, EUA : Eschenbach Printing Company, 1921, c1921
נושאים:
תגים: הוספת תג
אין תגיות, היה/י הראשונ/ה לתייג את הרשומה!

MARC

LEADER 00000nam^a2200000^a^4500
001 000066792
005 20250521000000.0
009 20260310091227.895
037 |a Acervo ITESO - Biblioteca 
041 |a ING 
082 |a 661. 802  |b WOR V. 1 T. 4 
100 |a Worden, Edward Chauncey  |e (autor) 
245 1 0 |a Technology of cellulose esters :  |b historical development cellulose esters /  |c E.C. Worden. 
264 4 |a Easton, EUA :  |b Eschenbach Printing Company,  |c 1921, c1921 
300 |a CXVII p., p. 2377-3086 
336 |a texto  |b txt  |2 rdacontenido 
337 |a sin mediación  |b n  |2 rdamedio 
338 |a volumen  |b nc  |2 rdasoporte 
649 |a XX 
650 |a Esteres 
650 |a Industria de la Celulosa y del Papel 
650 |a Ingeniería Química 
910 |a Fondo General 
920 |a Impresos - Libros 
930 |a Colección General 
905 |a 101 
901 |a 0500022931  |b IT1  |c ACC  |u 20250521 
902 |a https://opac.biblio.iteso.mx/vufind/Record/000066792